[Event "Euwe intern 2008-2009"]
[Site "Amsterdam"]
[Date "2008.09.11"]
[Round "2"]
[White "Witt, Rob"]
[Black "Van der Hoeven, Gertjan"]
[Result "1-0"]
[WhiteElo "2259"]
[BlackElo "2270"]
[Annotator "Witt,Rob"]
[PlyCount "113"]
[EventDate "2008.??.??"]

{In de 2e ronde van de interne troffen Gertjan en ik elkaar. Je kon in de
eerste ronde al zien dat we allebei drie maanden niet of nauwelijks geschaakt
hebben. Ik gaf tegen Piet van der Weide na de opening een stuk weg en bij
Gertjan tegen Overeem schijnen ook vreemde dingen gebeurd te zijn. Deze partij
laat nog geen verbetering in onze vorm zien, om het mild uit te drukken. Ik
vind het trouwens wel jammer dat de sterkste spelers elkaar al in het begin
van de cyclus treffen. Wat later in de cyclus zou de spanning ten goede komen,
denk ik.} 1. d4 Nf6 2. Nf3 g6 3. c4 Bg7 4. Nc3 c5 {5' Hé, niet onze
gebruikelijke KID. Zou Gertjan de Benoni bekeken hebben? Dan maar kijken of ik
een overgang naar de Siciliaanse Maroczy kan bewerkstelligen. Dat zal Gertjan
volgens mij veel minder goed liggen dan de scherpe Benoni. Zijn kracht ligt in
stellingen waar hij het initiatief heeft en dat is lastig tegen de solide
Maroczy.} 5. e4 {4'} O-O 6. Be2 {5'} cxd4 {9' Hiermee wordt de Maroczy bereikt.
} ({Ik verwachtte eerder iets als} 6... d6 7. O-O Bg4 8. d5 Na6 {Wat Lex
Jongsma een paar jaar geleden in de knsb tegen mij speelde.}) 7. Nxd4 Nc6 8.
O-O $4 {Gedachtenloos en A TEMPO gespeeld.} (8. Be3) 8... d6 $2 {15' Ziet
Gertjan het niet na 6' nadenken of heeft hij het verkeerd beoordeeld? Zwart
kon eenvoudig een pion winnen.} (8... Nxe4 $1 {bijv.} 9. Nxc6 Nxc3 10. Nxe7+ ({
of} 10. Nxd8 Nxd1 11. Rxd1 Rxd8 12. Bf3 d6 $15) 10... Qxe7 11. bxc3 Bxc3 12.
Rb1 $15 {In beide gevallen heeft wit enige compensatie voor de pion maar niet
voldoende.}) 9. Be3 {Nu is alles weer in orde.} a6 {17' Gertjan streeft
kennelijk naar de opmars b7-b5. Een andere strategie is de blokkade van de
damevleugel. Bijv.} (9... Bd7 10. Qd2 Nxd4 11. Bxd4 Bc6 12. f3 a5 13. b3 Nd7 {
waarmee ik redelijk wat ervaring heb, zowel met wit als met zwart.}) 10. Qd2
Ng4 {21'} ({Een andere gebruikelijkere speelwijze is} 10... Nxd4 11. Bxd4 Be6
12. f3 Qa5) 11. Bxg4 Bxg4 12. Rac1 {12'} ({Gebruikelijk is} 12. f3 Bd7 13. Rfd1
{maar ik dacht de zet f3 voorlopig uit te kunnen sparen.}) 12... Bd7 {30'} 13.
b3 {17'} ({Op meteen} 13. Rfd1 {vond ik} Ne5 {lastig omdat zowel Pxc4 als Pg4
dreigt.}) 13... Re8 {37'} 14. Rfd1 {18'} Rb8 {39'} 15. f3 {20'} Ne5 {42'} 16.
h3 {Wit nog 56'} ({Bekend was nog een partij die ook Khalifman noemt in
"According to Kramnik", deel 3.} 16. a4 {(Khalifman 16.Pd5!?)} Nc6 17. Nd5 Na5
18. Qa2 b5 19. axb5 axb5 20. Nxb5 Bxb5 21. cxb5 Rxb5 22. Nc7 Rxb3 23. Bf2 Bc3
24. Nxe8 Kf8 25. Rd3 Rb2 26. Qa3 Rb3 27. Qa2 Rb2 28. Qd5 {1-0 Rayner,E-Pye,R/
Groningen 1974}) 16... e6 $2 {Een slechte zet. Gertjan wil Pd5 uit de stelling
halen, maar de zwakte van d6 is ernstiger. Zwart nog 35'.} 17. Nde2 {52'} b5 $2
{26' Hierna is het echt mis met de zwarte stelling.} ({Zwart had de pion
misschien moeten offeren met} 17... Bc6 18. Qxd6 {en nu misschien} Qxd6 ({of} 
18... Qa5) ({of} 18... Qh4) 19. Rxd6 Rbd8 20. Rcd1 Rxd6 21. Rxd6 Bf8 22. Rd1
Bb4) 18. f4 $16 {46' Gemist door Gertjan. Wel merkwaardig, waarom zou ik
anders h3 gespeeld hebben?} b4 {20' Waarschijnlijk relatief het beste, maar ik
verwachtte eigenlijk een stukoffer met} (18... bxc4 19. fxe5 Bxe5 ({of} 19...
cxb3) 20. bxc4 {maar het is allemaal goed voor wit.}) 19. Na4 $2 {En ik kies A
Tempo voor de zwakste zet in de stelling. Ik dacht, ik krijg een mooie pion op
d6 en heb niet verder gekeken.} ({Ik had alleen nog gekeken naar} 19. Nb1 {
En achteraf dacht ik ook dat ik dit had moeten spelen.} Nc6 20. Qxd6 Rb7 {
wat me ook goed voor wit leek.}) ({Veel sterker was echter} 19. fxe5 {zoals
Gertjan na de partij aangaf. Bijv.} bxc3 20. Qxd6 {Die had ik totaal gemist.}
Rb7 21. Nxc3 $16) (19. Qxd6 $1 {komt trouwens op hetzelfde neer.}) 19... Bxa4 {
16'} 20. fxe5 Bc6 21. exd6 Qh4 {14' Ook gemist.} 22. Bf4 {32'} ({Mijn eerste
gedachte was} 22. Nd4 {waarop Gertjan} Ba8 $6 {gepland had.} ({Ik had zelf Pd4
verworpen wegens} 22... Bxd4 23. Bxd4 e5 24. Bb2 Qxe4 {waarna ik geen
winstkansen voor wit zie.}) 23. c5 {lijkt me echter kansrijk voor wit na bijv.}
Red8 24. Nf3 Qxe4 25. Rc4 $16) ({Ik had ook nog gekeken naar} 22. Bg5 Qxe4 23.
Ng3 Qe5 24. Bf4 Qc5+ {maar zag geen goed vervolg.}) 22... e5 {10'} 23. Bg5 Qxe4
24. Ng3 Qd4+ 25. Qxd4 {25'} exd4 {De stelling is inmiddels weer in evenwicht.}
26. Be7 Rb7 {7'} 27. Ne2 {23'} Rbxe7 $2 {A Tempo gespeeld. Paniek? Een foute
inschatting? Na de partij gaf ik aan dat Gertjan had moeten kiezen voor} (27...
Rd7 $1 {met onduidelijke stelling omdat wit niet op d4 kan slaan wegens} 28.
Nxd4 $4 Bxd4+ 29. Rxd4 Rexe7 {met winst.}) 28. dxe7 Rxe7 29. Nxd4 {22'} Bxd4+
30. Rxd4 Re2 31. c5 $6 {21' Onder het motto, die pion moet toch naar voren.
Maar dit bemoeilijkt de winst. Veel nauwkeuriger was} (31. Rd6 Be4 32. Rxa6 {
en wit moet kunnen winnen met zijn c-pion.}) ({Gertjan verwachtte overigens} 
31. Rg4 {een zet die ik niet serieus overwogen heb. Ik zie trouwens ook niet
hoe het verder moet na} Rxa2 {Hoewel, mischien heeft wit toch kansen na} 32.
Rd1 a5 33. Rd6 a4 $5 (33... h5 $5 34. Rg3 Be4 35. Re3 Bxg2) 34. bxa4 (34. Rxc6
Ra1+ 35. Kf2 axb3 $11) 34... Bxa4 35. c5 b3 36. Rb4 Rc2 37. Kh2 b2 38. Rdb6
b1=Q 39. Rxb1 Rxc5 $11) 31... Rxg2+ {5'} 32. Kf1 Rxa2 33. Rd6 $2 {17'} ({
Veel beter was} 33. Rxb4 {met goede winstkansen. Ik weet niet meer waarom ik
de zet verworpen heb.}) 33... Rh2 $2 ({Zwart lijkt remise te kunnen maken met} 
33... Bg2+ 34. Ke1 Bxh3 35. c6 Kg7 36. c7 Rb2 (36... h5 $5 37. c8=Q Bxc8 38.
Rxc8 h4 39. Rd3 a5 $13) 37. Rxa6 Rxb3 38. Rb6 h5 $13) 34. Ke1 $2 {Deze zet
lijkt de winst weg te geven, maar ik dacht dat dit de enige zet was om mijn
toren te redden. Maar wit heeft een veel sterkere zet voortzetting in} (34. Rc4
$3 {met het idee} Bb5 35. c6 Bxc6 36. Rdxc6 a5 37. h4 Rh3 38. Ra6 (38. Rf4 $5)
38... Rxb3 39. Rxa5 {en dit moet toch gewonnen zijn zou je zeggen.}) 34... Rh1+
{4'} 35. Kd2 Rh2+ 36. Kd1 {15' Het lijkt erop dat zwart altijd een eindspel
kan bereiken met wit alleen 2 torens tegen toren en 3 pionnen wat remise is.} (
{Helmer Wieringa vroeg zich af of de koning niet naar boven moet. Het lijkt
niet te werken na bijv.} 36. Ke3 Rxh3+ 37. Kd4 (37. Kf2 $5) 37... Rh4+ 38. Ke5
Re4+ 39. Kf6 Rf4+ 40. Ke7 Re4+ 41. Kd8 Bb5 42. c6 Re3 43. Kc7 (43. c7 $4 Re8#)
43... Rxb3 44. Kb6 Bxc6 45. Rdxc6) 36... Rh1+ 37. Kc2 Rh2+ 38. Kb1 Be4+ 39. Ka1
Rxh3 40. c6 {13'} Bxc6 {2' Allebei een kwartier erbij.} 41. Rcxc6 Rxb3 42. Rxa6
{Dit eindspel zou wit nooit mogen winnen.} Rf3 (42... Kg7 $11 {en ook andere
zetten zijn remise.}) 43. Rf6 {Tijdens de partij dacht ik dat zwarts vorige
zet fout was omdat ik nu min of meer torenruil afdwing (anders valt pion f7)
en dacht te gaan winnen. Gertjan was echter vol vertrouwen omdat hij wist 3
pionnen tegen een toren remise was met de formatie f5-g4-h3, zelfs als de
witte koning op f4 staat. Het blijkt dat Gertjan gelijk heeft, maar in de
praktijk van de uitvluggerfase kan het makkelijk mis gaan.} Rxf6 44. Rxf6 Kg7
45. Rf4 g5 46. Rxb4 h5 47. Kb1 {26'} Kg6 {13'} 48. Kc1 g4 49. Kd2 f5 50. Ke3 {
23'} Kg5 $6 {12' Hierna kan zwart zijn gewenste pionnenformatie niet meer
bereiken.} ({Hij had moeten spelen} 50... h4 $1 51. Kf4 h3 {en dit eindspel is
inderdaad remise als zwart iedere keer de goede koningszetten doet.}) 51. Rb8
h4 $2 {Zoals gezegd, werkt dit niet meer, maar Gertjan dacht hier nog dat het
remise was met de h-pion op h3.} ({Misschien kan zwart ook nog remise maken,
maar dan met} 51... f4+ 52. Ke4 f3 53. Ke3 Kg6 54. Kf4 Kg7 {en ik zie
inderdaad niet hoe wit verder kan komen.}) 52. Rg8+ Kf6 {Andere koningszetten
helpen ook niet.} (52... Kh6 53. Kf4 Kh7 54. Rg5 $18) 53. Kf4 h3 54. Rg5 {22'}
Ke6 {10'} 55. Rxf5 {21'} g3 56. Re5+ Kf6 57. Re1 {En Gertjan staakte de strijd.
Hopelijk wordt het nog wat met ons voordat de knsb competitie begint.} 1-0

[Event "Eindhoven-Euwe 31/2-61/2"]
[Site "?"]
[Date "2008.09.27"]
[Round "1"]
[White "Witt, Rob"]
[Black "Bok, Benjamin"]
[Result "0-1"]
[WhiteElo "2259"]
[BlackElo "2211"]
[Annotator "Witt"]
[PlyCount "50"]
[EventDate "2008.??.??"]

{De start van het nieuwe knsbseizoen bracht ons naar Eindhoven. Ik had een
slecht voorgevoel. Enerzijds omdat Eindhoven met veel jonge spelers die
alsmaar sterker worden, nu al qua rating sterker is dan wij en anderzijds
omdat wij ook nog eens Gertjan vd Hoeven misten. Gertjan kan 43 weekenden per
jaar naar Parijs zonder dat Euwe daaronder lijdt, maar hij moest zonodig dit
weekend gaan. Mijn slechte voorgevoel bleek echter uitsluitend mijzelf te
betreffen. Het team speelde fantastisch en verraste vriend en vijand met een
daverende 61/2-31/2 overwinning. Mijn bijdrage bestond helaas uitsluitend aan
het geven van morele ondersteuning aan mijn teamgenoten. Zie hoe ik binnen 21/
2 uur wordt afgeslacht door het 14-jarige talent Benjamin Bok.} 1. Nf3 Nf6 2.
c4 g6 3. Nc3 d5 4. Qa4+ Bd7 5. Qb3 dxc4 6. Qxc4 {Deze uitgangsstelling van de
Anti-Grunfeld had ik een beetje bekeken aan de hand van enkele partijen van
onze kersverse Europese kampioen Jan Werle.} a6 {Een gevaarlijk systeem
waartegen Jan Werle vorig jaar in Wijk aan Zee hardhandig schipbreuk leed
tegen de jonge Franse grootmeester Vachier Lagrave. Ik had die partij wel
gezien, maar geen tijd gehad om het goed te bestuderen.} ({Ik had me bij mijn
voorbereiding meer geconcentreerd op} 6... Bg7 {wat een andere mogelijke
tegenstander Luuk van Kooten gespeeld heeft.}) 7. d4 b5 8. Qb3 c5 9. dxc5 {3'}
Bg7 {3'} 10. h3 $2 {11' Een slecht nieuwtje. Mijn bedoeling was om Le3 te
kunnen spelen zonder een pion op e4.} ({Ik wist dat de normale zet} 10. e4 {
is, maar ik schrok een beetje terug voor de verwikkelingen na} Bc6 $5 {
(Svidler) waarna wit moet kiezen tussen het scherpe e5 of de pion teruggeven
met Le2. Ook tegen andere zetten dan Lc6 is het niet duidelijk hoe wit wat kan
bereiken.}) 10... O-O {4'} 11. Be3 Be6 {7'} 12. Qc2 {16'} Nc6 {15'} 13. g4 {
24' Om Le6 veld f5 te ontnemen. Ik had hier echter al spijt van mijnopeningsop
zet.} Nb4 {20'} ({Ik was heel blij dat hij niet koos voor} 13... b4 14. Nd1 (
14. Na4 b3 $1 15. axb3 Nb4 $17) 14... Qa5 $15 {maar die blijdschap zou niet
lang duren.}) 14. Qc1 Nfd5 {22'} 15. Nxd5 {25'} Qxd5 $1 ({Ik verwachtte eerder
} 15... Bxd5 16. Bg2 Nxa2 ({of misschien} 16... Be4) 17. Qd2 a5 $13) 16. a3 {
33' Hier begon mijn jeugdige tegenstander met het uiterlijk van de jonge Kafka
tot mijn verbazing lang na te denken. Wat zou hij anders moeten spelen dan
Pd3+?} Na2 $3 {36' Eén uitroepteken omdat het een goede zet is en het tweede
voor de creativiteit. Ik denk dat maar weinig spelers op dit idee zouden komen.
Ik was in ieder geval totaal verrast.} ({Na} 16... Nd3+ 17. exd3 Qxf3 18. Rg1
$13 {doet wit gewoon weer mee.}) 17. Qb1 $6 {39' Hierna is het goed mis, omdat
ik de volgende paardzet ook gemist heb.} ({Ik verwierp} 17. Qc2 {wegens} b4 {
en na} 18. Rd1 {wat anders?} Qb3 19. Qxb3 Bxb3 {zag ik geen zet meer. Rybka
vindt het in eerste instantie nog wel meevallen en suggereert} 20. Rd2 (20. Rd3
Bc2 {Misschien zijn andere loperzetten nog sterker.} (20... Ba4 $5) (20... Bc4
$5) 21. Rd2 bxa3 $1 22. bxa3 Bc3 $15) 20... bxa3 21. bxa3 Bc3 22. Bd4 {maar na}
Ba5 $1 {is wit toch in grote problemen.}) 17... Nc3 $5 {48' Opnieuw wordt ik
verrast.} ({Ik verwachtte} 17... Rad8 {om nog een keer veld d4 te bestrijken
en dan te vervolgen met Db3.}) ({Op direkt} 17... Qb3 {had ik gepland} 18. Bd4
{maar dan wordt wit opnieuw verrast door het dappere paard met} (18. Nd4 Bxd4
19. Bxd4 Qd5 $17) 18... Nb4 $1 $17 {en wit kan niet slaan wegens} 19. axb4 ({
Het enige is} 19. Nd2 Nc2+ 20. Kd1 Qa4 21. Qxc2 Qxd4 $17) 19... Bxd4 20. Nxd4
Qxb4+ 21. Kd1 Qxd4+ {met winst.}) 18. Qc1 $6 {43'} ({De enige manier om nog
enige tegenstand te bieden was waarschijnlijk} 18. Qc2 Na4 19. Bg2 Bxb2 20. Rd1
Qa2 21. Nd4 Bc3+ 22. Kf1 Rad8 23. Qxa2 Bxa2 $17) ({Onmogelijk was} 18. bxc3 $2
Bxc3+ 19. Bd2 Bxd2+ 20. Nxd2 Qxh1 $19) ({Ik heb niet gekeken naar} 18. Qd3 {
maar dat is heel goed voor zwart na zowel} Qb3 ({als} 18... Na4)) 18... Na4 {
54'} 19. Rb1 Rac8 {1.03' Gezond en sterk. Een ander idee was} (19... Qe4 {
met als idee La2.}) 20. b4 {44'} (20. Bg2 Nxc5 21. O-O Na4 {ziet er ook
hopeloos uit.}) 20... Rfd8 {1.08'} 21. Bd2 {51' Verhindert iets op c3 maar
niet de slachting die nu volgt.} (21. Bg2 Nc3 22. Ra1 Nxe2 $1 23. Kxe2 Qd3+ 24.
Ke1 Bd5 $1 (24... Qc3+ {wint ook}) 25. Qb1 Qc3+ 26. Kf1 Qxa1 $19) 21... Qe4 $1
{1.13' Dreigt Txd2} 22. Rg1 {56'} Ba2 {1'15'} 23. Ra1 Bb2 24. Ng5 {58'} Qe5 {
1.20'} 25. Qc2 {60'} Rxd2 {En ik complimenteerde mijn tegenstander met zijn
mooie spel. Ik kan me niet herinneren dat ik ooit een partij verloren heb
waarin ik mijn ontwikkeling niet voltooid heb.} 0-1

[Event "Euwe intern 2008-2009"]
[Site "?"]
[Date "2008.10.09"]
[Round "6"]
[White "Willemsma, Abe"]
[Black "Witt, Rob"]
[Result "1-0"]
[WhiteElo "2067"]
[BlackElo "2259"]
[Annotator "Witt"]
[PlyCount "79"]
[EventDate "2008.??.??"]

1. e4 e6 2. d4 d5 3. e5 c5 4. c3 Nc6 5. Nf3 Bd7 {3'} ({Meestal speel ik} 5...
Qb6 6. a3 Nh6 7. b4 cxd4 {maar Abe speelt dan het minder gebruikelijke} 8. Bxh6
$5 gxh6 9. cxd4 {zoals we al in vele vluggertjes op het bord hebben gehad
tijdens de zomers van 2007 en 2008 in Twee Klaveren en de Laurierboom. Ook in
onze vorige interne partij kwam het op het bord en won ik met het nodige geluk.
} Rg8 ({Ik zou nu de voorkeur geven aan} 9... Bd7 {waarna} 10. Nc3 {als slecht
beschouwd wordt wegens} Nxb4 11. axb4 Bxb4 12. Qb3 Rc8 13. Rc1 Qa5 {Desondanks
konden Abe en ik dit niet overtuigend aantonen in een analyse met Michel Kahn
van Caïssa in de Laurierboom afgelopen zomer.}) 10. Nc3 Bd7 11. g3 {Willemsma
- Witt, Euwe intern 8-5-2008 (75.0-1)}) 6. a3 {2'} f6 {7' Ik had n om te
experimenteren met deze zet, waarvan ik wist dat die bestond, maar verdere
kennis ontbrak.} ({De laatste keer dat ik deze stelling op het bord had
speelde ik} 6... Nge7 7. b4 cxd4 8. cxd4 Nf5 9. Bb2 b5 $5 10. Nc3 a5 $5 {
Ramondino -Witt, Amsterdam ACT 2004 (56.0-1)}) 7. Bd3 {5' en hier hield de
kennis van Abe op.} Qb6 $6 {9' Misschien wel een ?, want de zet is totaal niet
logisch in combinatie met f6. Ik dacht dat pion d4 nu in stond, maar dankzij
f6 wint wit dan de dame met Lg6+.} (7... Qc7 8. Bf4 O-O-O 9. O-O c4 10. Bc2 Qb6
11. b3 cxb3 12. Bxb3 g5 13. Be3 g4 $13 {Van Wely - Topalov, Dortmund 2005 (47.
0-1)}) (7... fxe5) 8. O-O {7'} c4 {11'} 9. Bc2 Na5 $6 {14'} (9... O-O-O 10.
Nbd2 Qc7 11. Re1 Nge7 12. b3 cxb3 13. Nxb3 Ng6 14. Qe2 $14 {Ivanovic -
Maksimovic, Podgorica 1996 (61.1/2-1/2)}) (9... fxe5 10. Nxe5 Nf6 $6 (10...
Nxe5 11. dxe5 Nh6 $13) 11. Bg5 Qxb2 12. Nd2 Qxc3 13. Re1 Nxd4 14. Rc1 Nxc2 15.
Bxf6 gxf6 16. Rxc2 Qxe5 17. Rxe5 fxe5 18. Qh5+ Kd8 19. Qxe5 Rg8 20. Nf3 Bg7 21.
Qg3 Ke7 22. Ne5 Bxe5 23. Qxe5 Rac8 24. Rc3 Bc6 25. Rh3 Be8 26. Rxh7+ Bf7 27.
Qc3 b6 28. h4 Rgd8 29. g4 d4 30. Qf3 Rf8 31. g5 Rcd8 32. Qf6+ Ke8 33. g6 {
1-0 Morozevich - Tischendorf, Mainz 2001. Een onbegrijpelijke partij.}) 10.
Nbd2 {11'} Qc7 $6 {19'} (10... Ne7) 11. Re1 {15'} Nh6 {20'} 12. b4 {19'} (12.
b3) 12... cxb3 {22'} ({Solider was} 12... Nc6 {maar dat is geen prettige
stelling voor zwart.}) 13. Nxb3 Nf7 {25'} ({Beter was} 13... Nxb3 14. Bxb3 f5 {
maar ook dan staat wit goed na bijv.} 15. Qd3) 14. Nxa5 {26'} Qxa5 15. Bd2 Qa6
{26'} (15... Qc7 16. exf6 gxf6 17. Bf5 Qc6 18. Qe2 $16) 16. Qb1 $1 {32', over
53'} fxe5 {35', over 51'} 17. dxe5 {42'} ({Ik verwachtte} 17. Nxe5 {waarop ik
wel een pion moet geven met} Nxe5 18. dxe5 O-O-O 19. Bxh7 Kb8 {en ik heb enige
compensatie.}) 17... h6 $2 {43'} ({Ik had liever} 17... g6 {gespeeld, maar ik
was dat ik niet meer los zou komen na het offer} 18. Bxg6 hxg6 19. Qxg6 Be7 20.
Bg5 {Helemaal duidelijk is het echter niet na bijv.} Rf8 21. Re3 ({
Ongevaarlijk is} 21. Bh6 O-O-O 22. Bxf8 Rxf8 23. Nd4 Nd8) 21... Rc8) 18. Bg6 {
39' Abe wil g5 verhinderen, maar in aanmerking kwam} (18. Nh4 g5 ({beter} 18...
Bc5) 19. Ng6 Rg8 20. Bd3 Qb6 21. Qd1 $16) 18... Be7 {39'} (18... Bc5 {hebben
we ook een tijdje geanalyseerd, maar dat was ook goed voor wit, al kan ik me
de varianten niet meer herinneren.} 19. Be3) 19. Nd4 {36'} Rf8 $2 {33' Hierna
staat zwart verloren.} ({Ik had toch maar moeten kiezen voor} 19... O-O {
Tijdens de partij leek me dit zelfmoord. Maar achteraf is het toch niet zo
duidelijk hoe wit nu precies de aanval moet voeren.}) 20. a4 $1 {31' dreigt
met a5 en Ld3 de dame te winnen.} Kd8 {30'} (20... O-O-O 21. a5 Qc4 22. Ra2 Kb8
23. Rb2 Qc7 24. f4 {is ook geen pretje.}) 21. a5 {28'} Rb8 22. f4 {21'} Bc5 $6
{28'} (22... Qc4) 23. Be3 {17'} Bxd4 {22' Ik zag geen zet meer.} (23... Rc8 24.
Bd3 b5 25. Bxb5 Bxb5 26. Nxb5 Bxe3+ 27. Rxe3 Rb8 28. Qb4 Kd7 29. c4 $18) 24.
Bxd4 Bb5 {20'} 25. Bc5 {15'} Ke8 {15'} 26. Bxf8 (26. Qb4 $1 Rh8 27. f5) 26...
Kxf8 27. Qb4+ Kg8 28. Re3 {11'} Nh8 {14'} 29. Bc2 Rf8 30. Qd4 Qc6 {11'} 31. g4
{9'} g6 {7'} 32. Rae1 a6 33. Rg3 Qc8 {2'} 34. f5 {8'} g5 35. f6 {6'} Be8 {1'}
36. Rh3 {5'} Bg6 37. Rxh6 {2' Abe vertelde achteraf dat hij zich zo had
voorgenomen om geen stuk te offeren, maar toen deed hij het toch.} Bxc2 38. Qd2
Qc5+ {Ik had nog 1"} 39. Kh1 Nf7 $2 {Na afloop gingen we eerst naar buiten om
ons nicotinegehalte weer op peil te brengen. We dachten even dat Abe het met
zijn stukoffer weggegeven had, maar dat blijkt niet het geval.} (39... Bg6 40.
Qxg5 Kf7 41. Qh4 $1 (41. Rh7+ {werkt niet omdat veld e7 gedekt staat.}) 41...
Qxc3 42. Rh7+ Ke8 43. Rxb7 ({Sterker dan} 43. Rxh8) 43... Qf3+ 44. Kg1 Nf7 45.
Qg3) 40. Qxc2 {en mijn vlag viel. Een goeie partij van Abe.} 1-0